LEADER 00838cam0 2200253 450 001 E600200060618 005 20211028090344.0 100 $a20100226d1984 |||||ita|0103 ba 101 $aita 102 $aIT 200 1 $a<<" >>Pene d'amor perdute "$eTraduzioni da R.M. Rilke$fVittorio Mathieu 210 $aRoma$cIl Veltro$d1984 215 $ap. 601-608$d28 cm 300 $aEstr. da : Il Veltro, XXVIII,(1984), n.5-6 700 1$aMathieu$b, Vittorio$3AF00008106$4070$0122727 801 0$aIT$bUNISOB$c20211028$gRICA 850 $aUNISOB 852 $aUNISOB$j830|Opusc$m98872 912 $aE600200060618 940 $aM 102 Monografia moderna SBN 941 $aM 957 $a830|Opusc$b000009$gSI$d98872$1Spinosa$2UNISOB$3UNISOB$420211028090231.0$520211028090321.0$6Spinosa 996 $aPene d'amor perdute "$91704148 997 $aUNISOB